000 00876nas a2200289 4500
001 BR9203655
003 BR-BrBNA
005 20231205095041.0
007 ta
008 230509b bl.|||p| |||| 00| 00por d
040 _aBR-BrBNA
_bpor
_cBiblioteca Nacional de Agricultura
041 _a(Pt)
072 _aF02
100 1 _aRocha, A.C. da
100 1 _aTavares, E.D.
100 1 _aSandrini, M.
100 1 _aCarvalho, S.A. de
100 1 _aSilva, L.F.C. da
245 1 _aPropagacao de tres especies de citros atraves do enraizamento de estacas verdes
650 _aFruta Citrica
650 _aReproducao Vegetal
650 _aReproducao Assexuada
650 _aPorta Enxerto
773 0 _tRevista Brasileira de Fruticultura (Brazil)
_xISSN 0100-2945
_g(1988), v. 10(2) p. 31-33
_wBR9203655
909 _a202311
_bLúcia
_c55
_dLúcia Elande
942 _2AGRIS
_n0
_cANA
999 _c148456
_d148456